00645nam a22001937a 450000500170000001000150001702000260003203500140005803700090007208200150008110000240009624500970012025000070021726000410022427000880026530000210035350000510037470000260042520250707123444.0 aENG-145702 a9789361594052c890.00 aEN-129234 bDBAD a364.05213 aSaferstein, Richard aCriminalistics: bAn Introduction to Forensic Science/cRichard Saferstein [and] Tiffany Roy a13 aNoidabPearson India Educationc2025 a15th Floor, Towe-B, World Trade Tower, Plot No.1, Block-C, Sector-16bNoidae201301 a558p.c25cm(pbk) aFor UPSC and State Civil Services Examinations aRoy, Tiffany eAuthor